Дело об отсылке в Костромской уездный банк для приращения процентами суммы по полюбовному специальному межеванию, хранящейся в м...

Доступно только в Электронных читальных залах Найти на картеНа карте
RUSMARC
00004335nmc2a22000003x 450
001223af434-9339-47f6-a085-9503d61b8aad
00520200305135217.0
100##$a20180907l18661866k l0rusy0189 ca
1010#$arus
102##$aRU
2001#$aДело об отсылке в Костромской уездный банк для приращения процентами суммы по полюбовному специальному межеванию, хранящейся в местном губернском правлении
$j18 января - 11 апреля 1866 г.
251##$cДело
300##$aДело
300##$aОриг. заголовок дела: Дело об отсылке в Костромской городской банк для приращения процентами суммы по полюбовному специальному межеванию, хранящейся в местном губернском правлении. 18 января 1866 г. - 11 апреля 1866 г
801#0$aRU
$bРГИА
$c20180907
$gRCR
801#1$aRU
$bГлавНИВЦ
$c20180907
$2rusmarc
801#2$aRU
$bПБ им. Б.Н. Ельцина
$c20200305
$gRCR
$2rusmarc
850##$aРГИА
852##$aРГИА
$eФедеральное казенное учреждение "Российский государственный исторический архив" (РГИА)
$j132
937##$hРГИА
$d12291214
$aASBIBLIO_SCAN
462#0$1001d8f9f7d4-b5a2-42ce-9901-502471366df6
$12001
$aДела Департамента полиции исполнительной МВД за 1866 год
$1251
$cОпись
$1852
$j27
$l1866 г.
461#0$10013e300ed0-cd39-49af-8489-5ba5b90fa401
$12001
$aДепартамент полиции исполнительной МВД
$1251
$cФонд
$1852
$j1286
215##$a14 л.
$d36,5х26 см
371##$aДокумент не является опубликованным и широко распространяемым
105##$ay###
1222#$ad
5171#$aДело об отсылке в Костромской городской банк для приращения процентами суммы по полюбовному специальному межеванию, хранящейся в местном губернском правлении. 18 января 1866 г. - 11 апреля 1866 г
035##$a223af434-9339-47f6-a085-9503d61b8aad
856##$uhttp://readingroom.main.prlib.ru/item.aspx?id_node=n142999329&mode=full
Формат отображения